01504cam a22003857a 4500999001700000001000900017003000400026005001700030008004100047010001700088015001900105016001800124020002200142020002500164035002300189035002000212040004700232042001400279050002200293082001500315245009600330246004200426260004700468300004400515500009500559650005300654650005500707650005300762650005500815700001800870710002600888906004500914942003400959952012500993 c22563d2256314862177OSt20170124120740.0070523t20072006nyua c 000 0 eng d a 2006904379 aGBA6836832bnb7 a0135674582Uk a0500286515 (pbk.) a9780500286517 (pbk.) a(OCoLC)ocm71414048 a(OCoLC)71414048 aZCUcZCUdUKMdBAKERdYDXCPdDPLdTXAdDLC alccopycat00aNA680b.F887 200704a724/.622200aFuture city :bexperiment and utopia in architecture /cedited by Jane Alison ... [et al.].30aExperiment and utopia in architecture aNew York :bThames & Hudson,c2007, c2006. a336 p. :bill. (chiefly col.) ;c24 cm. aCatalog of an exhibition held 15 June 2006-17 September 2006 at the Barbican Art Gallery. 0aArchitecture, Moderny20th centuryvExhibitions. 0aCity planningxHistoryy20th centuryvExhibitions. 0aArchitecture, Moderny21st centuryvExhibitions. 0aCity planningxHistoryy21st centuryvExhibitions.1 aAlison, Jane.2 aBarbican Art Gallery. a7bcbcccopycatd2encipf20gy-gencatlg 2lcccBOOKShNA 680 .F887 2007 00102ddc4070aMUCbMUCcTECHd2017-01-24eDonation(B.F.A)l0oNA 680 .F887 2007p32058r2018-07-05w2017-01-24yBOOKS